000 00893nam a2200229 i 4500
001 124414
003 ES-MaACL
005 20250812221038.0
007 t|
008 070326s1928 sp ||||1| spa d
100 1 _aGudeman, Alfred.
_960386
245 1 0 _aHistoria de la antigua literatura latino-cristiana /
_cAlfred Gudeman ; traducida y ampliada por Pascual Galindo Romeo.
260 _aBarcelona :
_bLabor,
_c1928.
300 _a148 p., XVI p. de lám. ;
_c17 cm.
490 1 _aColección Labor. Ciencias literarias ;
_v151
650 1 4 _aLiteratura cristiana primitiva-
_xHistoria y crítica.
_9172312
650 1 4 _aLiteratura latina medieval y moderna-
_yHistoria y crítica.
_914634
700 1 _aGalindo Romeo, Pascual,
_d1892-1990
_953446
830 1 0 _aColección Labor.
_pCiencias literarias
_v151
_9219011
852 _aES-MaACL
_jE-2676
999 _c124414
_d124414